000 00565cam a2200217ua 4500
001 6341
005 20260515114033.0
008 131129n ii |||gr||||Z||||||eng
020 _a978-81-272-5253-3
040 _cMAIN
082 _a658.15
245 _aFinancial management
_cBy Shashi K. Gupta
260 _aLudhiana:
_bKalyani publishers,
_c2009.
300 _ax,12.55p.
653 _aCommerce
653 _aFinancial management
700 _aGupta,Shashi K.,
_eAuthor.,
700 _aSharma,R.K.,
_eAuthor.
700 _aGupta,Neeti,
_eAuthor.
942 _cBK
999 _c5488
_d5488